|
|
|
|
| LEADER |
00979nam a2200265 a 4500 |
| 001 |
4521985 |
| 008 |
090616s1999 ohu b 001 0 eng d |
| 010 |
|
|
|a 99028163
|
| 020 |
|
|
|a 0324006381
|
| 040 |
|
|
|a DLC
|c DLC
|
| 082 |
0 |
0 |
|a 658.8
|2 21
|
| 100 |
1 |
|
|a Lamb, Charles W.
|
| 245 |
1 |
0 |
|a Marketing /
|c Charles W. Lamb, Joseph H. Hair, Carl McDaniel.
|
| 250 |
|
|
|a 5th ed.
|
| 260 |
|
|
|a Cincinnati, OH :
|b South-Western College Pub.,
|c 1999.
|
| 300 |
|
|
|a xxxiv,772 p. :
|b ill. ;
|c 28 cm.
|
| 504 |
|
|
|a Includes bibliographical references and indexes.
|
| 541 |
1 |
|
|e 00014762
|
| 650 |
|
0 |
|a Marketing.
|
| 650 |
|
0 |
|a Marketing
|x Management.
|
| 700 |
1 |
|
|a Hair, Joseph F.
|
| 700 |
1 |
|
|a McDaniel, Carl D.
|
| 852 |
4 |
|
|a Ayesha Abed Library
|j General shelf
|
| 999 |
|
|
|c 1441
|d 1441
|
| 952 |
|
|
|0 0
|1 0
|2 ddc
|4 0
|6 658_800000000000000_LAM_1999
|7 0
|9 1318
|a BRACUL
|b BRACUL
|c GEN
|d 2009-06-28
|g 0.00
|l 5
|m 49
|o 658.8 LAM
|p 3010014762
|r 2020-01-19
|s 2019-09-28
|t 1
|w 2009-06-28
|y BK
|x No price found in the accession register.
|